[Event "Scarborough CC-ch Reserves"]
[Site "Toronto"]
[Date "2012.05.10"]
[Round "8"]
[White "Ugodnikov, Arkadiy"]
[Black "Gillis, Doug"]
[Result "1/2-1/2"]
[WhiteElo "1830"]
[BlackElo "1649"]
[PlyCount "52"]
[EventDate "2012.03.22"]
[EventType "swiss"]
[EventRounds "9"]
[EventCountry "CAN"]
[SourceTitle "EXT 2022"]
[Source "ChessBase"]
[SourceDate "2021.10.06"]
[SourceVersion "1"]
[SourceVersionDate "2021.10.06"]
[SourceQuality "1"]

1. e4 e6 2. d4 d5 3. Nd2 dxe4 4. Nxe4 Qd5 5. Nc3 Bb4 6. Nf3 Nf6 7. a3 Bxc3+ 8. bxc3 0-0 9. Be2 c5 10. 0-0 Nc6 11. Re1 cxd4 12. cxd4 Rd8 13. Bb2 b6 14. Qd3 Bb7 15. Rac1 Rac8 16. c4 Qe4 17. Qxe4 Nxe4 18. Bf1 Na5 19. Bd3 Nd6 20. c5 bxc5 21. dxc5 Ne8 22. Red1 Nb3 23. Rc3 Nxc5 24. Bc2 Rxd1+ 25. Bxd1 Ne4 26. Rxc8 Bxc8 1/2-1/2

[Event "Scarborough CC Spring Into Summer U2000"]
[Site "Toronto"]
[Date "2011.05.26"]
[Round "4"]
[White "Ugodnikov, Arkadiy"]
[Black "Sharpe, Michael D"]
[Result "1-0"]
[WhiteElo "1842"]
[BlackElo "1662"]
[PlyCount "116"]
[EventDate "2011.04.28"]
[EventType "swiss"]
[EventRounds "9"]
[EventCountry "CAN"]
[SourceTitle "EXT 2022"]
[Source "ChessBase"]
[SourceDate "2021.10.06"]
[SourceVersion "1"]
[SourceVersionDate "2021.10.06"]
[SourceQuality "1"]

1. e4 c5 2. Nf3 d6 3. Bb5+ Bd7 4. Bxd7+ Qxd7 5. c4 Nf6 6. Nc3 e6 7. 0-0 Be7 8. d4 0-0 9. h3 Rd8 10. Be3 Nc6 11. Qe2 cxd4 12. Nxd4 d5 13. cxd5 exd5 14. exd5 Nxd5 15. Nxd5 Qxd5 16. Nxc6 Qxc6 17. Bxa7 Bg5 18. Be3 Re8 19. Rfc1 Qe6 20. Rc3 f5 21. Qd2 Rad8 22. Qc1 Bxe3 23. Rxe3 Qc8 24. Rc3 Qd7 25. Qc2 Qd2 26. Qb3+ Kh8 27. Rc2 Re1+ 28. Rxe1 Qxe1+ 29. Kh2 Qe5+ 30. g3 h6 31. Qc4 b5 32. Qf1 f4 33. Re2 Qd6 34. Qe1 fxg3+ 35. fxg3 Qd5 36. a3 Qb3 37. h4 b4 38. axb4 Rb8 39. Re4 Qxb2+ 40. Kh3 Qb3 41. Rf4 Qd5 42. Re4 Rd8 43. Re5 Qd7+ 44. Kh2 Qd2+ 45. Qxd2 Rxd2+ 46. Kh3 Rb2 47. Re4 Kg8 48. Kg4 g6 49. h5 gxh5+ 50. Kxh5 Rb3 51. Kg4 Kg7 52. Kf4 Kf6 53. Rc4 Kg6 54. Rc6+ Kg7 55. Rc4 Kf6 56. g4 Kg6 57. Rd4 Kf6 58. Ke4 Ke6 1-0

[Event "Scarborough CC LH Summer op"]
[Site "Toronto"]
[Date "2010.06.03"]
[Round "5"]
[White "Ugodnikov, Arkadiy"]
[Black "Southam, David"]
[Result "0-1"]
[WhiteElo "1852"]
[BlackElo "2119"]
[PlyCount "74"]
[EventDate "2010.04.29"]
[EventType "swiss"]
[EventRounds "8"]
[EventCountry "CAN"]
[SourceTitle "EXT 2022"]
[Source "ChessBase"]
[SourceDate "2021.10.06"]
[SourceVersion "1"]
[SourceVersionDate "2021.10.06"]
[SourceQuality "1"]

1. e4 e6 2. d4 d5 3. Nd2 Be7 4. Ngf3 Nf6 5. e5 Nfd7 6. Bd3 c5 7. c3 Nc6 8. 0-0 g5 9. Be2 g4 10. Ne1 cxd4 11. cxd4 Nxd4 12. Bxg4 Nxe5 13. Bh5 Ng6 14. Ndf3 Nxf3+ 15. Nxf3 Bf6 16. Re1 0-0 17. Rb1 Re8 18. Bxg6 hxg6 19. Bf4 Bg7 20. b3 f6 21. Rc1 e5 22. Bg3 Be6 23. Nh4 g5 24. Nf3 Rc8 25. Rxc8 Qxc8 26. Qb1 Bf5 27. Qd1 Qd7 28. h4 g4 29. Nh2 Rc8 30. f3 gxf3 31. Nxf3 Bh6 32. Qe2 Rc2 33. Qf1 Be4 34. Bf2 Qg4 35. Nh2 Qg6 36. g3 Bd2 37. Rd1 Be3 0-1